Los derechos del escritor y del artista

Сохранить в:
Библиографические подробности
Главные авторы: Mouchet, Carlos (autor), Radaelli, Sigfrido A (Автор)
Формат:
Язык:испанский
Опубликовано: Madrid Cultura Hispánica 1953
Серии:Cuadernos de Monografías, 11
Предметы:
Метки: Добавить метку
Нет меток, Требуется 1-ая метка записи!

MARC

LEADER 00000nam a2200000 a 4500
001 UCT9501
003 CL-VaPUC
008 970404e19530000SP |||||||||||||||||spa|d
082 0 4 |a 346.048  |b MOU  |2 21 
100 |a Mouchet, Carlos  |e autor  |9 403372 
700 0 |a Radaelli, Sigfrido A  |e author  |9 382272 
245 1 4 |a Los derechos del escritor y del artista 
300 |a 465 p 
942 |c BK 
945 |d 19970404 00:00:00  |a lriquelm 
260 |a Madrid  |b Cultura Hispánica  |c 1953 
650 0 |a Derecho de autor  |9 332641 
650 7 |a PROPIEDAD ARTISTICA  |2 CL-VaPUC  |9 382148 
650 7 |a PROPIEDAD LITERARIA  |2 CL-VaPUC  |9 350286 
650 0 |a Ética  |9 255099 
650 7 |a DEONTOLOGIA  |2 CL-VaPUC  |9 327933 
650 7 |a RESTRICCIONES LEGALES  |2 CL-VaPUC  |9 382273 
650 0 |a Cinematografía  |9 265198 
650 7 |a LEGISLACION  |2 CL-VaPUC  |9 382274 
583 |a last modification  |c 19970404 00:00:00  |k Rodrigo Vera 
490 0 |a Cuadernos de Monografías, 11 
999 |c 257901  |d 257899 
952 |0 0  |1 0  |4 0  |6 346_048000000000000_MOU_1953  |7 0  |8 P  |9 281614  |a BIBDER  |b BIBDER  |d 2019-11-19  |i 182242K  |o 346.048 MOU 1953  |p 182242K  |r 2023-01-25  |w 2019-11-19  |y BK  |k DER